00751nam a22002057a 450000500170000000800410001702000220005804000250008004100080010504400070011311000860012024501400020626000680034630000140041465000200042865000240044865000300047265000310050265100120053320200104041733.0150916b2015 CK ||||| |||| 00| 0 spa d a978-958-8901-03-9 aCO-BoIAVHcCO-BoIAVH aspa ack aMinisterio de Ambiente y Desarrollo Sostenible, Universidad Nacional de Colombia aPlan de conservación, manejo y uso sostenible de la palma de cera del Quindío (Ceroxilon Quindiuense), Árbol Nacional de Colombia aBogota:bMinisterio de ambiente y desarrollo sostenible,c2015. a80. pbil aFlora silvestre aEspecies Amenazadas aPalma de Cera del Quindio aAprovechamiento sostenible aQuindio